000 00827nam a2200205 i 4500
001 157780
003 ES-MaACL
005 20250806070430.0
008 020924s1879 sp |||| | spa d
040 _aCCPB | B
_bspa
_cCCPB | B
100 1 _aLionet, Camille.
_9128965
245 1 0 _aDe las variedades de la parálisis general en sus relaciones con la patogenia /
_cpor Camille Lionet.
260 _aMadrid :
_b[s.n.],
_c1879 (
_fImprenta de Enrique Teodoro)
300 _aVII, 56, [4] p. ;
_c23 cm.
490 1 _aBiblioteca Económica de Medicina y Cirujía
650 4 _aParálisis.
_9148549
830 0 _aBiblioteca económica de medicina y cirujía
_9186248
852 _aES-MaACL
_jB-12700(4)
_z-- Enc. pasta española
_q-- Falto de la cub. original
_z-- Enc. en un vol. facticio
999 _c157780
_d157780